00440nam a2200181Ia 4500003000900000008004100009040001300050040001300063041000800076100002400084245008700108250001200195260001500207260000900222300001100231300001000242490000600252IT-RoPAU120407s9999 xx 000 0 und d aIT-RoPAU cIT-RoPAU aita aJacques de Lorimier aProgetto di vita nell’adolescente. Identità€ personale nella propria vocazione. aTorino  aElle Di Ci c1969 a415 p. c21 cm v1